| 000 | 00650nam a2200229 a 4500 | ||
|---|---|---|---|
| 001 | 35872 | ||
| 003 | BD-RjUL | ||
| 005 | 20211209052408.0 | ||
| 008 | 140610r19671935enk 001 0 eng d | ||
| 035 | _a(BD-RjUL)35968 | ||
| 040 |
_aVCAV _beng _cVCAV _dBD-RjUL |
||
| 041 | _aeng | ||
| 082 | 0 | 4 |
_a320.15 _bLAS 1967 |
| 100 | 1 |
_aLaski, Harold Joseph, _d1893-1950. _96133 |
|
| 245 | 1 | 4 |
_aThe state in theory and practice / _cby Harold J. Laski. |
| 260 |
_aLondon : _bAllen & Unwin, _c1935 [Impression 1967]. |
||
| 300 |
_a336 p. ; _c20 cm. |
||
| 504 | _aIncludes index. | ||
| 650 | 0 |
_aState, The. _9109254 |
|
| 942 |
_2ddc _cBK |
||
| 999 |
_c35872 _d35872 |
||